000 00486nam a2200181Ia 4500
001 8286
005 20260306160558.0
008 260306t2011||||xx |||||||||||||| ||spa||
041 _aESP
082 _a370.1523
_bN56
100 _aNieto Gil, Jesús María
_eAUT
245 0 _aNeurodidáctica:
_bAportaciones de las neurociencias al aprendizaje y a la enseñanza
260 _c2011
300 _a540 páginas :
_c24 cm.
650 _aGEN
654 _aCED
942 _cLIB
_dJUS
_fJUS
_2ddc
_n
999 _c8286
_d8286